[Event "HUN-chT2 Barcza 1112 "]
[Site "Hungary"]
[Date "2012.04.22"]
[Round "9"]
[White "Kanyog, Gergo"]
[Black "Sike, Tamas"]
[Result "1/2-1/2"]
[WhiteElo "1728"]
[BlackElo "1773"]
[PlyCount "39"]
[EventDate "2011.09.25"]
[EventType "team-tourn"]
[EventRounds "11"]
[EventCountry "HUN"]
[SourceTitle "EXT 2013"]
[Source "ChessBase"]
[SourceDate "2012.11.22"]
[SourceVersion "1"]
[SourceVersionDate "2012.11.22"]
[SourceQuality "1"]
[WhiteTeam "Sarospatak"]
[BlackTeam "Sajoszentpeter"]
[WhiteTeamCountry "HUN"]
[BlackTeamCountry "HUN"]

1. d4 Nf6 2. c4 e6 3. Nc3 d5 4. Nf3 b6 5. e3 Bb7 6. cxd5 Nxd5 7. Bd2 Be7 8. Be2 0-0 9. 0-0 c5 10. dxc5 Bxc5 11. Nxd5 Bxd5 12. Bc3 Nd7 13. a3 Be7 14. Nd4 Nc5 15. Bf3 Ne4 16. Bxe4 Bxe4 17. Qg4 Bg6 18. Rfd1 Qd5 19. Rac1 Rfd8 20. Qe2 1/2-1/2

[Event "HUN-chT2 Barcza 1112 "]
[Site "Hungary"]
[Date "2011.11.27"]
[Round "4"]
[White "Koncz, Istvan"]
[Black "Kanyog, Gergo"]
[Result "1/2-1/2"]
[WhiteElo "1762"]
[BlackElo "1728"]
[PlyCount "92"]
[EventDate "2011.09.25"]
[EventType "team-tourn"]
[EventRounds "11"]
[EventCountry "HUN"]
[SourceTitle "EXT 2013"]
[Source "ChessBase"]
[SourceDate "2012.11.22"]
[SourceVersion "1"]
[SourceVersionDate "2012.11.22"]
[SourceQuality "1"]
[WhiteTeam "Balkany"]
[BlackTeam "Sarospatak"]
[WhiteTeamCountry "HUN"]
[BlackTeamCountry "HUN"]

1. c4 c5 2. Nc3 Nc6 3. g3 Nf6 4. Bg2 g6 5. e3 Bg7 6. Nge2 b6 7. 0-0 Bb7 8. d3 0-0 9. b3 Qc8 10. Bb2 Ne5 11. e4 d6 12. h3 Nfd7 13. f4 Nc6 14. Rb1 Nd4 15. Nd5 Bxd5 16. cxd5 Qa6 17. Nxd4 cxd4 18. a3 Rac8 19. Rf2 Nc5 20. Bf1 Rc7 21. Rc1 Rfc8 22. Rfc2 Qb7 23. b4 Na6 24. Be2 Rxc2 25. Rxc2 Rxc2 26. Qxc2 Qc7 27. Qb3 Nb8 28. Kf2 a6 29. Qc4 Qxc4 30. dxc4 e5 31. fxe5 Bxe5 32. g4 Nd7 33. Ke1 Bg3+ 34. Kd2 Bf2 35. a4 a5 36. Ba3 axb4 37. Bxb4 Nc5 38. Bxc5 dxc5 39. Bd3 Bg3 40. Kc2 Kf8 41. Be2 Ke7 42. Kd2 Kd6 43. Bd1 Bf4+ 44. Ke2 g5 45. Kf3 f6 46. Bc2 h6 1/2-1/2